Štúdium zvariteľnosti ultravysokopevnej bórom legovanej ocele 22MnB5

Enregistré dans:
Détails bibliographiques
Auteur principal: Nejedlík, Michal (Auteur)
Autres auteurs: Sahul, Miroslav (Directeur de thèse)
Format: Manuscrit Livre
Langue:slovaque
Publié: 2016
Sujets:
Accès en ligne:http://is.stuba.sk/zp/portal_zp.pl?podrobnosti=129239
Tags: Ajouter un tag
Pas de tags, Soyez le premier à ajouter un tag!

MARC

LEADER 00000ntm a22000003a 4500
001 stuzp56316
003 SK-STU
005 20160719154949.6
007 ta
008 150427s2015----xo-----f-mn---000-0-slo-d
040 |a STU  |b slo 
041 0 |a slo 
100 1 |a Nejedlík, Michal  |u 063000  |4 aut  |U MTF Materiálovotechnologická fakulta  |T MTF Ústav výrobných technológií  |X 71583  |U M3000  |Y 83  |7 71583 
242 0 1 |a Study of weldability ultra high strength boron alloy steel 22MnB5  |y eng 
245 1 0 |a Štúdium zvariteľnosti ultravysokopevnej bórom legovanej ocele 22MnB5 
260 |c 2016 
650 4 |a laser  |2 slo 
650 4 |a mikroštruktúra  |2 slo 
650 4 |a hot stamping  |2 slo 
650 4 |a zvarový spoj  |2 slo 
650 4 |a vysokopevná oceľ  |2 slo 
650 4 |a laser  |2 eng 
650 4 |a hot pressing  |2 eng 
650 4 |a high strength steel  |2 eng 
650 4 |a microstructure  |2 eng 
650 4 |a weld joint  |2 eng 
700 1 |a Sahul, Miroslav  |u 063000  |k Z2  |4 ths  |U MTF Materiálovotechnologická fakulta  |T MTF Ústav výrobných technológií  |X 32776  |U M3000  |Y 83  |7 A000032776 
856 4 |u http://is.stuba.sk/zp/portal_zp.pl?podrobnosti=129239 
996 |c M* BP-7650  |l MMSKP  |s P  |a 0  |w stuzp56316_0001 
SQL |a stuzp56316  |b DBP  |c SLO  |d Štúdium zvariteľnosti ultravysokopevnej bórom legovanej ocele 22MnB5  |e 71583  |f Nejedlík, Michal  |g 063000  |h 32776  |i Sahul, Miroslav  |j 20160621  |k 178  |l 06  |m http://is.stuba.sk/zp/portal_zp.pl?podrobnosti=129239  |n B-VTE  |o 5.2.51. výrobné technológie